000 00874nam a22002177a 4500
005 20240214134132.0
008 s2522 th tha d
040 _aNALT
041 _atha
090 _aKU 21 ส184ล 2522
100 0 _aสถิตย์ ลิ่มพงศ์พันธุ์
245 1 0 _aละเมิดอำนาจศาลกับสังคมไทย
260 3 _aกรุงเทพฯ :
_bพาสิโก,
_c2522
300 _a174 หน้า :
_b 18 ซม.
650 0 4 _aการละเมิดอำนาจศาล -- สหรัฐอเมริกา
650 0 4 _aการละเมิดอำนาจศาล -- เยอรมัน
650 0 4 _aการละเมิดอำนาจศาล -- ไทย
650 0 4 _aศาล -- ไทย
850 _aNALT
942 _cLB
_2lcc
_01
999 _c18241
_d18241
998 _j4576
_k นักศึกษาฝึกงาน-02